000 00861nam a22002292 4500
001 0000007084
005 20151217152021.0
008 071112s xx 000 0 eng d
020 _a9966805699 :
_cKES 590
040 _aKABU
_cKABU
100 1 _aStanko, John W.
_@0000158129
245 1 0 _aSo many leaders ... so little leadership :
_bbeyond the power of position lies the price of leadership /
_cJohn W. Stanko.
260 _aNairobi :
_bWordAlive,
_c2007.
300 _axiii, 143 p.
650 0 _aLeadership
_xReligious aspects
_xChristianity.
_@0000149203
852 1 _9p690 KES
852 1 _9p690 KES
908 _a071112
950 _@1
999 _c7384
_d7384